<?xml version="1.0" encoding="UTF-8"?><?xml-stylesheet type="text/xsl" href="static/style.xsl"?><OAI-PMH xmlns="http://www.openarchives.org/OAI/2.0/" xmlns:xsi="http://www.w3.org/2001/XMLSchema-instance" xsi:schemaLocation="http://www.openarchives.org/OAI/2.0/ http://www.openarchives.org/OAI/2.0/OAI-PMH.xsd"><responseDate>2026-04-14T04:37:41Z</responseDate><request verb="GetRecord" identifier="oai:www.recercat.cat:10459.1/469164" metadataPrefix="marc">https://recercat.cat/oai/request</request><GetRecord><record><header><identifier>oai:recercat.cat:10459.1/469164</identifier><datestamp>2025-12-04T20:01:50Z</datestamp><setSpec>com_2072_3622</setSpec><setSpec>col_2072_479130</setSpec></header><metadata><record xmlns="http://www.loc.gov/MARC21/slim" xmlns:dcterms="http://purl.org/dc/terms/" xmlns:xsi="http://www.w3.org/2001/XMLSchema-instance" xmlns:doc="http://www.lyncode.com/xoai" xsi:schemaLocation="http://www.loc.gov/MARC21/slim http://www.loc.gov/standards/marcxml/schema/MARC21slim.xsd">
   <leader>00925njm 22002777a 4500</leader>
   <datafield ind2=" " ind1=" " tag="042">
      <subfield code="a">dc</subfield>
   </datafield>
   <datafield ind2=" " ind1=" " tag="720">
      <subfield code="a">Macià Amorós, Jaume</subfield>
      <subfield code="e">author</subfield>
   </datafield>
   <datafield ind2=" " ind1=" " tag="720">
      <subfield code="a">Cristóbal Fransi, Eduard</subfield>
      <subfield code="e">author</subfield>
   </datafield>
   <datafield ind2=" " ind1=" " tag="720">
      <subfield code="a">Paül i Agustí, Daniel</subfield>
      <subfield code="e">author</subfield>
   </datafield>
   <datafield ind2=" " ind1=" " tag="260">
      <subfield code="c">2025-11-24</subfield>
   </datafield>
   <datafield ind2=" " ind1=" " tag="520">
      <subfield code="a">En los últimos años se ha asistido a un incremento de las ferias agroalimentarias. Tradicionalmente estas ferias tenían un carácter básicamente agrícola. En la actualidad, muchas de ellas han evolucionado hacia un producto turístico. Ahora bien, son pocos los estudios que han analizado, a escala regional, el impacto económico y social que puede suponer este tipo de actividad. El presente estudio analiza a través de una encuesta realizada a los visitantes hasta qué punto las más de ochenta ferias agroalimentarias de la provincia de Lleida (España) contribuyen al turismo. Los resultados señalan un efecto globalmente importante de los casi 700 000 visitantes anuales de estos eventos, pese a identificar diferencias en los efectos en función de aspectos como la localización o la tradición de la feria.</subfield>
   </datafield>
   <datafield ind2=" " ind1=" " tag="520">
      <subfield code="a">In recent years, there has been a notable increase in agri-food fairs. Traditionally, these fairs have had a predominantly agricultural character. However, many have now evolved into tourist attractions. That said, few studies have analysed, at a regional scale, the economic and social impact of such events. This study examines, through a survey conducted among visitors, the extent to which the more than eighty agri-food fairs in the province of Lleida (Spain) contribute to tourism. The findings indicate a significant overall effect, with nearly 700,000 annual visitors to these events, although differences in impact are observed depending on factors such as location and the fair’s tradition.</subfield>
   </datafield>
   <datafield ind2=" " ind1=" " tag="520">
      <subfield code="a">La investigación ha contado con el apoyo de la Cátedra de Turismo de Interior y de Montaña del Patronat de Turisme de la Diputació de Lleida, así como de la Agencia Española de Investigación (PID2021-123063NB-I00).</subfield>
   </datafield>
   <datafield ind1="8" ind2=" " tag="024">
      <subfield code="a">http://hdl.handle.net/10459.1/469164</subfield>
   </datafield>
   <datafield tag="653" ind2=" " ind1=" ">
      <subfield code="a">Desarrollo económico</subfield>
   </datafield>
   <datafield tag="653" ind2=" " ind1=" ">
      <subfield code="a">Promoción turística</subfield>
   </datafield>
   <datafield tag="653" ind2=" " ind1=" ">
      <subfield code="a">Impacto económico</subfield>
   </datafield>
   <datafield tag="653" ind2=" " ind1=" ">
      <subfield code="a">Turismo de interior</subfield>
   </datafield>
   <datafield tag="653" ind2=" " ind1=" ">
      <subfield code="a">Productos locales</subfield>
   </datafield>
   <datafield tag="653" ind2=" " ind1=" ">
      <subfield code="a">Economic development</subfield>
   </datafield>
   <datafield tag="653" ind2=" " ind1=" ">
      <subfield code="a">Tourism promotion</subfield>
   </datafield>
   <datafield tag="653" ind2=" " ind1=" ">
      <subfield code="a">Local products</subfield>
   </datafield>
   <datafield ind2="0" ind1="0" tag="245">
      <subfield code="a">Las ferias agroalimentarias como producto de dinamización turística de áreas de interior y de montaña</subfield>
   </datafield>
   <datafield ind2="0" ind1="0" tag="245">
      <subfield code="a">Agri-food fairs as a tool for tourism promotion in inland and mountain areas</subfield>
   </datafield>
</record></metadata></record></GetRecord></OAI-PMH>